000 00299nam a2200121Ia 4500
008 220216s9999 xx 000 0 und d
100 _aDeepa Sukumar
245 0 _aTheneecha valarthalinu horticorpinte kaithangu
260 _bRubber
_c2021
300 _a27-28
650 _aBee keeping
942 _cJS
999 _c71177
_d71177